000
00283nam a2200109Ia 4500
008
230907s9999||||xx |||||||||||||| ||und||
082
_a
621.4831
_b
ZOH-T
100
_a
Zohuri, Bahman.
245
0
_a
Thermal-hydraulic analysis of nuclear reactors /
300
_a
pages cm
942
_c
BK
999
_c
597862
_d
597862